नव्या शतकाच्या उंबरठयावर (Record no. 469695)

MARC details
000 -LEADER
fixed length control field 00574nam a2200145Ia 4500
008 - FIXED-LENGTH DATA ELEMENTS--GENERAL INFORMATION
fixed length control field 100204s9999 xx 000 0 und d
082 ## - DEWEY DECIMAL CLASSIFICATION NUMBER
Item number 24514
100 ## - MAIN ENTRY--PERSONAL NAME
Personal name पांढरीपांडे विजय
245 ## - TITLE STATEMENT
Title नव्या शतकाच्या उंबरठयावर
260 ## - PUBLICATION, DISTRIBUTION, ETC. (IMPRINT)
Name of publisher, distributor, etc "मेनका प्रकाशन , पुणे"
Date of publication, distribution, etc 2000
300 ## - PHYSICAL DESCRIPTION
Extent 299
630 ## - SUBJECT ADDED ENTRY--UNIFORM TITLE
Uniform title नव्या शतकाच्या उंबरठयावर
730 ## - ADDED ENTRY--UNIFORM TITLE
Uniform title नव्या शतकाच्या उंबरठयावर
942 ## - ADDED ENTRY ELEMENTS (KOHA)
Koha item type Book
Holdings
Withdrawn status Lost status Damaged status Not for loan Home library Current library Date acquired Cost, normal purchase price Total Checkouts Full call number Barcode Date last seen Cost, replacement price Price effective from Koha item type
        N. C. Kelkar Sarvajanik Library, Mulund N. C. Kelkar Sarvajanik Library, Mulund 09/01/2000 200.00   24514 NCKMULUND-24514 02/04/2010 200.00 02/04/2010 Book